000 00976cab a2200277 4500
001 WB3003-24
008 090401t1994 xxu||||| |||| 00| 0 eng d
035 _a(Sirsi) u53354
041 _aeng
245 _aRent reviews and rent-free periods
260 _c1994
350 _a0
490 _aEstates Gazette
_v(9402) 15 January 1994, 104(1)
520 _aDiscusses "City Offices plc v Bryanston Insurance Co Ltd" and "Broadgate Square plc v Lehman Brothers Ltd", and the treatment of rent-free periods at rent review; whether deductions should be made for all rent-free periods or just those for fitting out.
650 _aBUSINESS TENANCIES
650 _aHEADLINE RENTS
650 _aINCENTIVES
650 _aLEASE INCENTIVES
650 _aRENT REVIEWS
650 _aRENT-FREE PERIODS
650 _aRENTAL VALUATION
690 _aLANDLORD AND TENANT-BUSINESS TENANCIES
690 _aLANDLORD AND TENANT-RENT REVIEWS
942 _n0
948 _c04/03/1997
999 _c32895
_d32895